MDQL
is popping MORE tags! Check the
thread
!
Quizzes
Events
Quiz Creation
Community
Videos
Private Events
Remove Ads
Sign In
Join for FREE
Feedback
Dark Mode
Quiz Categories
Sports
Geography
Music
Movies
Television
Just For Fun
Miscellaneous
History
Literature
Language
Science
Gaming
Entertainment
Religion
Holiday
For Kids
Quiz Lab
Recent
Popular Today
Quiz Kudos Today
Editor Picks
Curator Picks
Quizzes by...
Day
Popularity
Type
Ratings
Length
Year
Community
Subscriptions
Recent Discussions
Orange Saloon
Badges
Playlists
Quests
Create
Leaderboards
Showdown
Live 5
Trivia Bingo
Activity
Puzzle Library
Sporcle Events
Private Events
Virtual Trivia
Globe League
Become a Host
Pub Owners
SporcleCon
Opinionation
Our Games
Videos
Blog
Mobile Apps
Partnerships
Remove Ads and Go Orange
Feedback
Sports
Athletes
MLB
NBA
NHL
NFL
Soccer
Sports Teams
WWE
NCAA
Football
Premier League
Basketball
Baseball
Hockey
Golf
Tennis
Cricket
Rugby
Auto Racing
Olympics
World Cup
Sports
Athletes
MLB
NBA
NHL
NFL
Soccer
Sports Teams
WWE
NCAA
Football
Premier League
Basketball
Baseball
Hockey
Golf
Tennis
Cricket
Rugby
Auto Racing
Olympics
World Cup
Random Quiz
Search Sporcle
×
Quiz Lab
Quiz Lab
Sports
Europe
Type in answers that appear in a list
Type in answers that appear in a list
Classic
Best Score? Go Orange.
Best Soccer Fans Stats
Can you name the highest attended soccer clubs in Europe?
By
estebanreyes
5m
30 Questions
556 Plays
556 Plays
556 Plays
Comments
Comments
Give Quiz Kudos
Give Quiz Kudos
-
- Ratings
hide this ad
More Info
Replay
Link that replays current quiz
Next Quiz
Link to next quiz in quiz playlist
You Got
0%
They Got
Avg Score
66%
Avg Friend Score
Upgrade to see
Score Distribution
Jump to the score distribution portion of the page
Score
0/30
Timer
05:00
0
Plays Today
Avg. Attendance
Club
% Correct
78.099
FC Barcelona
98.2%
72.855
Real Madrid
97.8%
75.348
Manchester United
97.7%
69.000
Bayern München
94.2%
59.945
Arsenal FC
93.7%
44.811
Liverpool FC
92.4%
41.641
Chelsea FC
92.3%
80.382
Borussia Dortmund
91.7%
45.734
AC Milan
91.4%
43.858
Inter Milan
89.4%
47.043
Manchester City
87.9%
41.765
Paris Saint Germain
79%
61.067
Schalke 04
71.6%
39.091
Atletico Madrid
70.1%
49.388
Ajax
68.3%
Avg. Attendance
Club
% Correct
40.539
Olympique Marseille
66.5%
49.472
Celtic FC
61.7%
52.455
Hamburger SV
60.4%
42.750
SL Benfica
59.5%
48.924
Newcastle United
59%
45.852
Glasgow Rangers
59%
40.539
Werder Bremen
51.6%
55.639
VfB Stuttgart
48%
43.700
Feyenoord
42.4%
51.193
Hertha BSC
39.6%
51.214
Borussia Mönchengladbach
32%
46.609
1. FC Köln
31.1%
44.714
Hannover '96
25.4%
40.337
1. FC Nürnberg
19.4%
41.446
1. FC Kaiserlautern
16.4%
Quiz Playlist
Details
Report
Send in Message
Add To Playlist
More Info:
Average is taken over 2011-2012 home matches up till Februari.
Classic:
Type in answers that appear in a list
Quiz Source
Last Updated: Feb 16, 2017
Quiz Scoreboard
CHALLENGE
Sign Up to Join the Scoreboard
Show All
Scores
Hide
Comments
May contain spoilers
Recently Published
Image Sorting: Flags VI
by Barbecue
Geography
2m
Find the 'City' Movie
by crazypaving
Movies
60s
Colored Red Africa Blitz
by spor1
Geography
45s
More to Explore
Quiz From the Vault
Featured Blog Post
14 Easter Pick-up Lines to Find Eggs With
hide this ad
You Might Also Like...
Tags
Europe Quiz
Soccer Quiz
attendance
Attended
Avg
club
fan
highest
Stadiums
Today's Top Quizzes in Sports
Browse Sports
hide this ad
Today's Top Quizzes in Europe
Browse Europe
Top Contributed Quizzes in Sports
1
Les meilleurs buteurs des matchs entre le PSG et l’OM
2
Les entraîneurs de l'OM et du PSG au 21e siècle
3
2022 World Cup Stars
4
Les joueurs passés par le PSG et l'OM
5
Players with Multiple 50 Home Run Seasons
6
Criteria MLB: Left Handed Sluggers
7
FIFA Club World Cup Champions
8
Les joueurs passés par le LOSC et le RC Lens
9
NBA Logic Puzzle 2.0
10
Top 10 NHL Goal Scorers of All Time
Explore More
Trending Topics
Crossword
Marvel
Harry Potter
Disney
NBA
Anime
Kpop
The Office
NFL
Puzzle
Soccer
Country
Song
Pokémon
WWE
hide this ad
More By:
estebanreyes
Quiz
Plays
Rating
Category
Featured
Created
Progressively Harder Soccer Club Trivia
397,734
2.52
Sports
May 6, 2012
Don't Get Blocked Country Trivia
46,077
3.43
Geography
Apr 5, 2012
'I Will Always Love You' by Other Songs
43,288
4.59
Music
Feb 15, 2012
Last 25 Years: Soccer Minefield
40,389
4.04
Sports
Feb 22, 2012
Queen Singles by Letter
28,030
4.62
Music
Feb 24, 2012
Go to Creator's Profile
Score Distribution
Quiz Creator Spotlight
estebanreyes
Follow
Send a Message
Quizzes Created
-
Created Quiz Play Count
-
More By This Creator
Popular Quizzes Today
1
Colored Red Africa Blitz
2
Find the US States - No Outlines Minefield
3
Find the 'City' Movie
4
5x2 Blitz: Bands
5
The Countries of the World
6
Find the US States
7
Find the Countries of Europe - No Outlines Minefield
8
US States
More Sports Quizzes
Last XI: Moyes - Manchester United
Quiz Lab
Trending Quizzes
Colored Red Europe Blitz I
Colored Red Africa Blitz II
Colored Red Europe Blitz II
Colored Red Africa Blitz III
Colored Red Europe Blitz III
Recently Updated
How Do You Spell That?
pecheneg
Godzilla Movies
pecheneg
Grab Bag: 4-10 Letters
pecheneg
2024 March Madness Bracket
pecheneg
Famous TV Couples
Peacemaker
Champions League XIs: Real Madrid
pecheneg
Largest US Cities 1790-2010
pecheneg
Rides in Walt Disney World
pecheneg
Most Oscar Losses (Acting)
pecheneg
Beyoncé Albums
pecheneg
Trending Topics
Kpop
Harry Potter
Disney
Marvel
Anime
Crossword
NBA
Pokémon
Country
The Office
Puzzle
Song
NFL
WWE
Soccer
Your Account Isn't Verified!
In order to create a playlist on Sporcle, you need to verify the email address you used during registration. Go to your
Sporcle Settings
to finish the process.
Report this User
Report this user for behavior that violates our
Community Guidelines
.
Details:
Send Report
Go to the Sporcle.com Mobile Site →
Comments